header

Ionic liquids uncoiled (Record no. 56803)

MARC details
000 -LEADER
fixed length control field 01531nam a2200337 a 4500
082 04 - DEWEY DECIMAL CLASSIFICATION NUMBER
Classification number 541/.3723
245 00 - TITLE STATEMENT
Title Ionic liquids uncoiled
260 ## - PUBLICATION, DISTRIBUTION, ETC. (IMPRINT)
Place of publication Hoboken, N.J. :
Name of publisher Wiley,
Year of publication 2013.
300 ## - PHYSICAL DESCRIPTION
Number of Pages xx, 413 p. :
Other physical details ill.
520 ## - SUMMARY, ETC.
Summary, etc "The book presents articles on topics at the forefront of ionic liquids research range from applied to theoretical, from synthetic to analytical, from biotechnology to electrochemistry, from process engineering to nanotechnology"--
650 #0 - SUBJECT ADDED ENTRY--TOPICAL TERM
Topical Term Ionic solutions.
Topical Term Ionic structure.
700 1# - ADDED ENTRY--PERSONAL NAME
Personal name Plechkova, Natalia V.
Personal name Seddon, Kenneth R.,
856 40 - ELECTRONIC LOCATION AND ACCESS
Uniform Resource Identifier http://site.ebrary.com/lib/rucke/Doc?id=10621307
520 ## - SUMMARY, ETC.
-- Provided by publisher.

No items available.

© 2026 Rongo University
Contact us: librarian | system librarian | Rongo university